LEADER 00890nam0 22002651i 450 001 UON00349554 005 20231205104335.523 010 $a03-402-5375-4 100 $a20091209d1990 |0itac50 ba 101 $aeng 102 $aGB 105 $a|||| 1|||| 200 1 $aPraxis$fFay Weldon 210 $aLondon$cCoronet Books$d1990 215 $a283 p.$d18 cm. 620 $aGB$dLondon$3UONL003044 676 $a823.914$cNarrativa inglese, 1945-1999$v21 700 1$aWELDON$bFay$3UONV194744$0163404 712 $aCoronet Books$3UONV277000$4650 801 $aIT$bSOL$c20240220$gRICA 899 $aSIBA - SISTEMA BIBLIOTECARIO DI ATENEO$2UONSI 912 $aUON00349554 950 $aSIBA - SISTEMA BIBLIOTECARIO DI ATENEO$dSI Angl VI A WEL 8 $eSI LO 47435 5 8 996 $aPraxis$9482592 997 $aUNIOR